[Event "EU-ch Seniors 50 18th"]
[Site "Drammen"]
[Date "2018.08.06"]
[Round "3"]
[White "Sielicki, Tomasz"]
[Black "Eriksen, Terje"]
[Result "1/2-1/2"]
[WhiteElo "1956"]
[BlackElo "2142"]
[PlyCount "23"]
[EventDate "2018.08.04"]
[EventType "swiss"]
[EventRounds "9"]
[EventCountry "NOR"]
[SourceTitle "CBM 185 Extra"]
[Source "ChessBase"]
[SourceDate "2018.07.29"]
[SourceVersion "1"]
[SourceVersionDate "2018.07.29"]
[SourceQuality "1"]

1. d4 Nf6 2. Bg5 e6 3. Nd2 h6 4. Bh4 d5 5. e3 c5 6. c3 Nc6 7. Ngf3 Be7 8. Bd3 b6 9. Qe2 Bb7 10. 0-0-0 Qc7 11. Kb1 0-0-0 12. Bg3 1/2-1/2

[Event "NOR-ch Master"]
[Site "Sarpsborg"]
[Date "2018.07.07"]
[Round "2"]
[White "Aulin Jansson, Joran"]
[Black "Eriksen, Terje"]
[Result "0-1"]
[WhiteElo "2328"]
[BlackElo "2119"]
[PlyCount "94"]
[EventDate "2018.07.07"]
[EventType "swiss"]
[EventRounds "9"]
[EventCountry "NOR"]
[SourceTitle "EXT 2024"]
[Source "ChessBase"]
[SourceDate "2023.10.10"]
[SourceVersion "1"]
[SourceVersionDate "2023.10.10"]
[SourceQuality "1"]

1. e4 e6 2. d3 c5 3. g3 Nc6 4. Bg2 g6 5. Nc3 Bg7 6. Be3 d6 7. Qd2 Rb8 8. f4 Nge7 9. Nge2 Nd4 10. Nd1 d5 11. c3 Nxe2 12. Qxe2 d4 13. Bd2 e5 14. cxd4 cxd4 15. 0-0 0-0 16. Nf2 f6 17. fxe5 fxe5 18. Ng4 Be6 19. Rxf8+ Qxf8 20. Rf1 Qc8 21. Nh6+ Kh8 22. Nf7+ Bxf7 23. Rxf7 Qe6 24. Rf1 Qxa2 25. Qg4 Rf8 26. Bg5 Rxf1+ 27. Bxf1 Qf7 28. Qd7 Bf6 29. Bh6 Qb3 30. h4 Ng8 31. Bg5 Bxg5 32. hxg5 Qb4 33. Bh3 Qe1+ 34. Kh2 Qd2+ 35. Bg2 Qxg5 36. Qxb7 Qe7 37. Qc8 Kg7 38. Bh3 Nf6 39. Be6 h5 40. Bc4 Ng4+ 41. Kh3 Qf6 42. Be6 Ne3 43. Qg8+ Kh6 44. Qf7 Qxf7 45. Bxf7 Nd1 46. Bc4 Nxb2 47. Ba6 Na4 0-1

[Event "Politiken Cup 30th"]
[Site "Helsingor"]
[Date "2008.07.24"]
[Round "7"]
[White "Christiansen, Erling"]
[Black "Eriksen, Terje"]
[Result "0-1"]
[WhiteElo "2008"]
[BlackElo "2190"]
[PlyCount "130"]
[EventDate "2008.07.19"]
[EventType "swiss"]
[EventRounds "10"]
[EventCountry "DEN"]
[SourceTitle "CBM 125 Extra"]
[Source "ChessBase"]
[SourceDate "2008.09.01"]
[SourceVersion "1"]
[SourceVersionDate "2008.09.01"]
[SourceQuality "1"]

1. e4 c5 2. Nc3 Nc6 3. g3 g6 4. Bg2 Bg7 5. Nge2 e6 6. d3 Nge7 7. Be3 Nd4 8. Qd2 d6 9. 0-0 0-0 10. Rab1 Rb8 11. f4 b5 12. a3 Bd7 13. g4 f5 14. gxf5 exf5 15. Ng3 Be6 16. Nce2 Qc7 17. c3 Nxe2+ 18. Nxe2 Rbd8 19. Ng3 Rd7 20. Qf2 a6 21. Rbc1 c4 22. Rcd1 cxd3 23. Rxd3 fxe4 24. Bxe4 Nf5 25. Nxf5 Bxf5 26. Bxf5 Rxf5 27. Rfd1 d5 28. Qg2 Qc6 29. Rf1 Qc4 30. Rfd1 Qc6 31. R1d2 Qe6 32. Rd1 Qf7 33. Rf1 h5 34. h3 Re7 35. Bc1 Re4 36. Rg3 Kh7 37. Kh1 Qe6 38. Rg1 Re1 39. Rxe1 Qxe1+ 40. Qg1 Qe4+ 41. Qg2 Qe1+ 42. Qg1 Qe6 43. Re3 Qd7 44. Rd3 Qe6 45. Re3 Qc6 46. Rd3 Rf7 47. Qg2 Re7 48. Re3 Rf7 49. Rd3 Rd7 50. Rd1 Qe6 51. Rg1 Bh6 52. Bd2 Rf7 53. Rf1 Qd6 54. Qg3 Re7 55. Rf2 Rf7 56. Kg2 d4 57. cxd4 Qxd4 58. Bc1 Qe4+ 59. Qf3 Qf5 60. Qg3 Rd7 61. Re2 Bg7 62. Qg5 Qb1 63. Be3 Rd1 64. Qg3 Bxb2 65. Bc5 Bg7 0-1

[Event "Politiken Cup 30th"]
[Site "Helsingor"]
[Date "2008.07.19"]
[Round "1"]
[White "Ryberg, Denis"]
[Black "Eriksen, Terje"]
[Result "0-1"]
[WhiteElo "1814"]
[BlackElo "2190"]
[PlyCount "50"]
[EventDate "2008.07.19"]
[EventType "swiss"]
[EventRounds "10"]
[EventCountry "DEN"]
[SourceTitle "CBM 125 Extra"]
[Source "ChessBase"]
[SourceDate "2008.09.01"]
[SourceVersion "1"]
[SourceVersionDate "2008.09.01"]
[SourceQuality "1"]

1. e4 e5 2. Nf3 Nc6 3. Bb5 a6 4. Bxc6 dxc6 5. 0-0 f6 6. d4 exd4 7. Qxd4 Qxd4 8. Nxd4 c5 9. Nf3 Bg4 10. Nbd2 0-0-0 11. e5 Bh5 12. Re1 Re8 13. a4 b6 14. Ra3 f5 15. Nc4 Ne7 16. Rd3 Nc6 17. c3 Bf7 18. Ne3 Nxe5 19. Nxe5 Rxe5 20. Red1 g6 21. Rd8+ Kb7 22. Kf1 Bb3 23. R1d7 Bxa4 24. Rf7 Be8 25. Nc4 Re6 0-1

[Event "Gausdal op-A"]
[Site "Gausdal"]
[Date "2008.04.16"]
[Round "9"]
[White "Eriksen, Terje"]
[Black "Stips, Felix"]
[Result "1-0"]
[WhiteElo "2170"]
[BlackElo "2102"]
[PlyCount "145"]
[EventDate "2008.04.08"]
[EventType "swiss"]
[EventRounds "9"]
[EventCountry "NOR"]
[SourceTitle "CBM 123 Extra"]
[Source "ChessBase"]
[SourceDate "2008.05.06"]
[SourceVersion "1"]
[SourceVersionDate "2008.05.06"]
[SourceQuality "1"]

1. Nf3 Nf6 2. c4 b6 3. g3 Bb7 4. Bg2 e6 5. 0-0 Be7 6. Nc3 0-0 7. Re1 d5 8. cxd5 exd5 9. d4 c5 10. b3 Nc6 11. Bb2 Re8 12. Rc1 Ne4 13. dxc5 Nxc3 14. Bxc3 bxc5 15. e3 Qd7 16. Re2 Red8 17. Rd2 Rac8 18. Qf1 Qd6 19. Bb2 Nb4 20. a3 Nc6 21. Qb5 Rb8 22. Qa4 Qe6 23. Rcd1 Rd6 24. b4 Rd7 25. b5 Nd8 26. Ne5 Rd6 27. Qxa7 Ra8 28. Qxc5 Rb6 29. Qd4 Rxb5 30. Bf1 Rba5 31. Nc6 Bf6 32. Nxd8 Rxd8 33. Qb4 Ra7 34. Bxf6 Qxf6 35. Bg2 h6 36. Rd4 Rda8 37. Rf4 Qe6 38. h4 Bc6 39. Qc5 Ra5 40. Qb6 Rxa3 41. Rc1 Bd7 42. Qb7 R3a5 43. Rd4 Ra1 44. Kh2 Rxc1 45. Qxa8+ Rc8 46. Qxd5 Qxd5 47. Bxd5 Rc7 48. Rf4 Be8 49. g4 Kf8 50. Kg3 Ke7 51. Re4+ Kf8 52. f4 f6 53. f5 Rc3 54. Kf4 Bc6 55. Bxc6 Rxc6 56. g5 hxg5+ 57. hxg5 fxg5+ 58. Kxg5 Kf7 59. Ra4 Rc3 60. Ra7+ Kf8 61. e4 Re3 62. Kf4 Re1 63. Ke5 Rb1 64. Rd7 Rb5+ 65. Ke6 Rb6+ 66. Rd6 Rb8 67. e5 Re8+ 68. Kd5 Rb8 69. e6 Rb5+ 70. Ke4 Ke7 71. Rd5 Rb1 72. Rd7+ Kf8 73. Rf7+ 1-0

[Event "Gausdal op-A"]
[Site "Gausdal"]
[Date "2008.04.14"]
[Round "7"]
[White "Eriksen, Terje"]
[Black "Forsaa, Espen"]
[Result "1/2-1/2"]
[WhiteElo "2170"]
[BlackElo "2312"]
[PlyCount "113"]
[EventDate "2008.04.08"]
[EventType "swiss"]
[EventRounds "9"]
[EventCountry "NOR"]
[SourceTitle "CBM 123 Extra"]
[Source "ChessBase"]
[SourceDate "2008.05.06"]
[SourceVersion "1"]
[SourceVersionDate "2008.05.06"]
[SourceQuality "1"]

1. Nf3 Nf6 2. c4 e6 3. g3 d5 4. Bg2 dxc4 5. Qa4+ Nbd7 6. Qxc4 a6 7. Qb3 Be7 8. 0-0 0-0 9. Nc3 c5 10. a4 Qc7 11. d3 Rb8 12. Bf4 e5 13. Be3 b6 14. Ng5 h6 15. Nge4 Nxe4 16. Bxe4 Nf6 17. Nd5 Nxd5 18. Bxd5 Bb7 19. Rfc1 Bxd5 20. Qxd5 Qd6 21. Qxd6 Bxd6 22. a5 Rfc8 23. axb6 Rxb6 24. b4 Rxb4 25. Rxa6 Bf8 26. Ra5 e4 27. Bxc5 Bxc5 28. Raxc5 Rxc5 29. Rxc5 Rb2 30. Re5 Rxe2 31. Rxe4 Rd2 32. Rd4 h5 33. h4 g6 34. Kg2 Kg7 35. Kf3 Kf6 36. Ke3 Ra2 37. Rb4 Ke6 38. Re4+ Kf6 39. Rb4 Ke6 40. d4 Kd6 41. Rb5 Ke6 42. Re5+ Kd6 43. Rb5 Ke6 44. Rb6+ Ke7 45. f3 Rg2 46. Kf4 Rd2 47. Rb4 Kf6 48. g4 hxg4 49. fxg4 Rf2+ 50. Kg3 Rd2 51. h5 gxh5 52. gxh5 Kg5 53. Rb5+ f5 54. Rd5 Rd3+ 55. Kg2 Kxh5 56. Rxf5+ Kg4 57. Rd5 1/2-1/2

[Event "Gausdal op-A"]
[Site "Gausdal"]
[Date "2008.04.12"]
[Round "5"]
[White "Eriksen, Terje"]
[Black "Tolhuizen, Ludo"]
[Result "0-1"]
[WhiteElo "2170"]
[BlackElo "2248"]
[PlyCount "140"]
[EventDate "2008.04.08"]
[EventType "swiss"]
[EventRounds "9"]
[EventCountry "NOR"]
[SourceTitle "CBM 123 Extra"]
[Source "ChessBase"]
[SourceDate "2008.05.06"]
[SourceVersion "1"]
[SourceVersionDate "2008.05.06"]
[SourceQuality "1"]

1. Nf3 g6 2. e4 Bg7 3. d4 d6 4. c4 Nd7 5. Nc3 e5 6. Be2 c6 7. 0-0 Nh6 8. Bg5 f6 9. Bd2 0-0 10. Qc1 Nf7 11. b4 Qe7 12. d5 c5 13. Nb5 Nb8 14. Ne1 f5 15. f3 b6 16. Nd3 f4 17. a4 a6 18. Na3 cxb4 19. Bxb4 a5 20. Bd2 g5 21. Rb1 Nd7 22. Rb2 Ba6 23. Be1 h5 24. h3 Nh6 25. Bf2 g4 26. Nb5 g3 27. Be1 Nf6 28. c5 bxc5 29. Bxa5 Rfc8 30. Bc3 Nf7 31. Re1 Ng5 32. Bf1 Nd7 33. Rc2 Nf8 34. Nb2 Ng6 35. Nc4 Bxb5 36. axb5 Rab8 37. Na5 Qd7 38. Nc6 Ra8 39. Ba5 Nh4 40. Qd1 c4 41. Rxc4 Qb7 42. Qe2 Rf8 43. Ra4 Rf6 44. Nd8 Qb8 45. Nc6 Qb7 46. Ra2 Rg6 47. Qd3 Ngxf3+ 48. gxf3 g2 49. Bxg2 Rg3 50. Rf1 Qd7 51. Rff2 Qxh3 52. b6 Nxg2 53. Rxg2 Rxf3 54. b7 Rf8 55. Qxf3 Qxf3 56. b8Q Rxb8 57. Nxb8 Qd1+ 58. Kh2 f3 59. Rgd2 Qb1 60. Rab2 Qxe4 61. Nc6 Qf4+ 62. Kg1 e4 63. Rb8+ Kh7 64. Rb7 e3 65. Rdb2 f2+ 66. Kf1 Qf3 67. Rxg7+ Kxg7 68. Bc3+ Kh6 69. Bg7+ Kxg7 70. Rb7+ Kh6 0-1

[Event "NOR-ch"]
[Site "Asker"]
[Date "2000.07.14"]
[Round "8"]
[White "Eriksen, Terje"]
[Black "Gullaksen, Eirik Tvedt"]
[Result "1/2-1/2"]
[WhiteElo "2242"]
[BlackElo "2353"]
[PlyCount "82"]
[EventDate "2000.07.08"]
[EventType "swiss"]
[EventRounds "9"]
[EventCountry "NOR"]
[SourceTitle "CBM 077 Extra"]
[Source "ChessBase"]
[SourceDate "2000.09.14"]
[SourceVersion "1"]
[SourceVersionDate "2000.09.14"]
[SourceQuality "1"]

1. Nf3 Nf6 2. c4 g6 3. Nc3 Bg7 4. d4 0-0 5. e4 d6 6. Be2 e5 7. 0-0 Nh5 8. Bg5 f6 9. Be3 Nf4 10. c5 Nxe2+ 11. Qxe2 exd4 12. Nxd4 dxc5 13. Qc4+ Rf7 14. Qxc5 c6 15. Rad1 Na6 16. Qc4 Qe7 17. Rd2 Bf8 18. Rfd1 Nc7 19. Bf4 Ne6 20. Nxe6 Bxe6 21. Qd4 Qc5 22. Qxc5 Bxc5 23. Bd6 Bb6 24. b3 Rd8 25. Kf1 Rfd7 26. Ke2 Kf7 27. Na4 Bxf2 28. Kxf2 Bg4 29. Nc5 Bxd1 30. Nxd7 Rxd7 31. Ke3 Bc2 32. g3 Bb1 33. a3 b6 34. Bb4 Rxd2 35. Bxd2 c5 36. b4 c4 37. Kd4 Bd3 38. Bc3 Ke6 39. Ke3 f5 40. exf5+ Kxf5 41. h4 Ke6 1/2-1/2

[Event "NOR-ch"]
[Site "Asker"]
[Date "2000.07.13"]
[Round "7"]
[White "Eriksen, Terje"]
[Black "Leer Salvesen, Bjarte"]
[Result "1/2-1/2"]
[WhiteElo "2242"]
[BlackElo "2262"]
[PlyCount "81"]
[EventDate "2000.07.08"]
[EventType "swiss"]
[EventRounds "9"]
[EventCountry "NOR"]
[SourceTitle "CBM 077 Extra"]
[Source "ChessBase"]
[SourceDate "2000.09.14"]
[SourceVersion "1"]
[SourceVersionDate "2000.09.14"]
[SourceQuality "1"]

1. Nf3 d5 2. d4 e6 3. c4 c6 4. Nbd2 Nf6 5. Qc2 Nbd7 6. e4 dxe4 7. Nxe4 Nxe4 8. Qxe4 Bb4+ 9. Bd2 Bxd2+ 10. Nxd2 c5 11. dxc5 0-0 12. Qe3 Qc7 13. Be2 a5 14. 0-0 Nxc5 15. Rfd1 e5 16. Ne4 Nxe4 17. Qxe4 Be6 18. Bf3 Rab8 19. Qe3 Qxc4 20. Qxe5 a4 21. Rd4 Qa6 22. Rd6 Qa7 23. Bd5 Bxd5 24. Qxd5 Rbc8 25. Qd4 Qxd4 26. Rxd4 b5 27. Rd5 b4 28. Rd4 Rb8 29. Rc1 Rfd8 30. Rcc4 Rxd4 31. Rxd4 Kf8 32. Kf1 a3 33. bxa3 bxa3 34. Rd3 Rb1+ 35. Ke2 Rb2+ 36. Rd2 Ke7 37. Kd1 Rb7 38. Rc2 Kd6 39. Rc3 Rb2 40. Rc2 Rb7 41. Rc3 1/2-1/2

[Event "NOR-ch"]
[Site "Asker"]
[Date "2000.07.12"]
[Round "6"]
[White "Johannessen, Svein"]
[Black "Eriksen, Terje"]
[Result "1/2-1/2"]
[WhiteElo "2306"]
[BlackElo "2242"]
[PlyCount "35"]
[EventDate "2000.07.08"]
[EventType "swiss"]
[EventRounds "9"]
[EventCountry "NOR"]
[SourceTitle "CBM 077 Extra"]
[Source "ChessBase"]
[SourceDate "2000.09.14"]
[SourceVersion "1"]
[SourceVersionDate "2000.09.14"]
[SourceQuality "1"]

1. Nf3 Nf6 2. b4 c6 3. Nc3 d5 4. e3 Bg4 5. h3 Bh5 6. g4 Bg6 7. Ne5 Nbd7 8. Nxg6 hxg6 9. Bg2 e5 10. Rb1 Bd6 11. b5 Qa5 12. g5 Ng8 13. h4 Qd8 14. Qe2 Ne7 15. bxc6 bxc6 16. e4 d4 17. Na4 Qa5 18. Qc4 1/2-1/2

[Event "NOR-chT 9900"]
[Site "Norway"]
[Date "1999.??.??"]
[Round "3"]
[White "Eriksen, Terje"]
[Black "Lahlum, Hans Olav"]
[Result "1/2-1/2"]
[WhiteElo "2204"]
[BlackElo "2218"]
[PlyCount "81"]
[EventDate "1999.??.??"]
[EventType "team"]
[EventRounds "9"]
[EventCountry "NOR"]
[SourceTitle "EXT 2001"]
[Source "ChessBase"]
[SourceDate "2000.11.22"]
[SourceVersion "1"]
[SourceVersionDate "2000.11.22"]
[SourceQuality "1"]

1. Nf3 d5 2. d4 e6 3. c4 c6 4. Nbd2 Nf6 5. Qc2 Nbd7 6. e4 dxe4 7. Nxe4 Nxe4 8. Qxe4 Bb4+ 9. Bd2 Bxd2+ 10. Nxd2 c5 11. dxc5 Qa5 12. Be2 Nxc5 13. Qe3 Qc7 14. 0-0 0-0 15. b4 Na6 16. a3 b6 17. Rfc1 Bb7 18. c5 bxc5 19. b5 Nb8 20. Rxc5 Qd8 21. Rac1 Nd7 22. Rc7 Bd5 23. a4 Nb6 24. a5 Nc8 25. Nf3 Nd6 26. Rxa7 Rxa7 27. Qxa7 Nxb5 28. Qc5 Bxf3 29. Bxf3 Nd4 30. Bd1 Qd7 31. a6 Ra8 32. Qc4 g6 33. Ba4 Qa7 34. Rd1 e5 35. Bb5 Nxb5 36. Qxb5 Qxa6 37. Qxe5 Qa4 38. Qe1 Re8 39. Qd2 Qe4 40. f3 Qh4 41. Qf2 1/2-1/2